02635cam a2200301 i 450000100190000000500170001900800410003601000170007702000180009403500220011203500240013404000400015804100080019804200080020605000280021424500310024224600280027324600310030126000560033230000650038849000510045350400510050452016200055565000270217565000540220265000220225671000550227899110752481320619620251022144037.0241010s2025 mau b 001 0 eng  a 2024033266 a9798892791007 a(OCoLC)1460294963 a(OCoLC)on1460294963 aDLCbengerdacDLCdOCLCOdIG#dYDX aeng apcc00aHF5549.5.T7bR3855 202500aReskilling and upskilling.34aReskilling + upskilling3 aReskilling plus upskilling aBoston, MA :bHarvard Business Review Press,c2025. axvii, 197 pages :billustrations (black and white) ;c21 cm. aInsights you need from Harvard Business Review aIncludes bibliographical references and index. aAs the pace of technological change increases, the demand for new skills is accelerating. And as technologies like AI take on new tasks and jobs, smart organizations aren't simply waiting for their new workforce to appear. These companies are investing in reskilling their workers. They're adopting a skills-based approach to hiring and developing talent. And they're leveraging new digital learning technologies to upskill their employees dynamically and efficiently. What new approaches should your organization be taking to build the workforce you need-now and tomorrow? Reskilling and Upskilling: The Insights You Need from Harvard Business Review brings you today's most essential thinking on rebuilding and retraining your workforce, explains how to get the right skilling initiatives started at your company, and prepares your company to compete in the new skills economy. Business is changing. Will you adapt or be left behind? Get up to speed and deepen your understanding of the topics that are shaping your company's future with the Insights You Need from Harvard Business Review series. Featuring HBR's smartest thinking on fast-moving issues-blockchain, cybersecurity, AI, and more-each book provides the foundational introduction and practical case studies your organization needs to compete today and collects the best research, interviews, and analysis to get it ready for tomorrow. You can't afford to ignore how these issues will transform the landscape of business and society. The Insights You Need series will help you grasp these critical ideas-and prepare you and your company for the future. 0aEmployeesxTraining of 0aEmployeesxEffect of technological innovations on 0aManpower planning aHarvard Business Review Press (Firm)eissuing body